[Event "Durres op"]
[Site "Durres"]
[Date "2013.05.10"]
[Round "8"]
[White "Rudakov, Aleksander"]
[Black "Tairi, Krenar"]
[Result "1-0"]
[WhiteElo "2144"]
[BlackElo "1875"]
[PlyCount "75"]
[EventDate "2013.05.04"]
[EventType "swiss"]
[EventRounds "9"]
[EventCountry "ALB"]
[SourceTitle "EXT 2016"]
[Source "ChessBase"]
[SourceDate "2015.10.08"]
[SourceVersion "1"]
[SourceVersionDate "2015.10.08"]
[SourceQuality "1"]

1. e4 c5 2. Nf3 Nc6 3. Bb5 e6 4. Bxc6 bxc6 5. d3 d5 6. e5 Ne7 7. 0-0 Ng6 8. Re1 Be7 9. c4 0-0 10. b3 f6 11. Bb2 fxe5 12. Nxe5 Nxe5 13. Bxe5 Bf6 14. Nd2 a5 15. Nf3 a4 16. Qc2 Qa5 17. Rac1 d4 18. bxa4 Qxa4 19. Bd6 Rd8 20. Qxa4 Rxa4 21. Bxc5 Rxa2 22. Rcd1 Rb2 23. Re4 e5 24. Nxe5 Bf5 25. Rf4 Bxe5 26. Rxf5 Bf6 27. Rf4 Rb3 28. Re4 Kf7 29. Kf1 Rb2 30. Re2 Rdb8 31. Re4 Rd8 32. g3 h6 33. Kg2 Rd7 34. Kf3 g5 35. g4 Kg7 36. Re6 Rf7 37. Kg3 Kh7 38. Rxf6 1-0

[Event "Durres op"]
[Site "Durres"]
[Date "2013.05.05"]
[Round "2"]
[White "Kosic, Dragan"]
[Black "Rudakov, Aleksander"]
[Result "1-0"]
[WhiteElo "2500"]
[BlackElo "2144"]
[PlyCount "73"]
[EventDate "2013.05.04"]
[EventType "swiss"]
[EventRounds "9"]
[EventCountry "ALB"]
[SourceTitle "EXT 2016"]
[Source "ChessBase"]
[SourceDate "2015.10.08"]
[SourceVersion "1"]
[SourceVersionDate "2015.10.08"]
[SourceQuality "1"]

1. d4 Nf6 2. Nf3 e6 3. Bg5 c5 4. e3 Nc6 5. Nbd2 d5 6. c3 Be7 7. Bd3 0-0 8. 0-0 b6 9. Qe2 Bb7 10. Rad1 Qc8 11. Ne5 h6 12. Bxf6 Bxf6 13. f4 a5 14. Ng4 Ba6 15. Nxf6+ gxf6 16. Qg4+ Kh8 17. Bxa6 Qxa6 18. f5 Qd3 19. Qh3 Kg7 20. fxe6 Rae8 21. Nb3 Qe4 22. exf7 Qxe3+ 23. Qxe3 Rxe3 24. dxc5 a4 25. Nc1 bxc5 26. Rxd5 Rxf7 27. Rxc5 Ne5 28. b3 axb3 29. Nxb3 Ra7 30. Nd4 Kg6 31. Nc2 Re2 32. Nb4 Rd7 33. Nd5 Rxa2 34. Rxf6+ Kg7 35. Rf1 Rb7 36. Ne3 Nd7 37. Rc6 1-0

[Event "Nalchik SKFO-ch"]
[Site "Nalchik"]
[Date "2013.03.20"]
[Round "7"]
[White "Rudakov, Aleksander"]
[Black "Bashlaev, Renat"]
[Result "1-0"]
[WhiteElo "2153"]
[BlackElo "1778"]
[PlyCount "81"]
[EventDate "2013.03.13"]
[EventType "swiss"]
[EventRounds "9"]
[EventCountry "RUS"]
[SourceTitle "CBM 153 Extra"]
[Source "ChessBase"]
[SourceDate "2013.04.22"]
[SourceVersion "1"]
[SourceVersionDate "2013.04.22"]
[SourceQuality "1"]

1. e4 e6 2. d4 d5 3. Nc3 c6 4. Nf3 f5 5. exf5 exf5 6. Bg5 Nf6 7. Qe2+ Qe7 8. Bxf6 gxf6 9. 0-0-0 Qxe2 10. Bxe2 Nd7 11. Nh4 Bh6+ 12. Kb1 Nf8 13. Bd3 Bg5 14. Nxf5 Bxf5 15. Bxf5 Kf7 16. g3 Re8 17. f4 Bh6 18. Rhe1 Ng6 19. Na4 Re7 20. Rxe7+ Nxe7 21. Bh3 b6 22. b3 Rd8 23. Nb2 f5 24. Nd3 Bg7 25. c3 Rd6 26. Kc2 Rh6 27. Nf2 Re6 28. Kd3 h5 29. Rf1 c5 30. Bg2 Ke8 31. Bf3 h4 32. Nd1 Kd7 33. Ne3 hxg3 34. hxg3 Bh6 35. dxc5 bxc5 36. Nxd5 Nxd5 37. Bxd5 Rg6 38. Rf3 Rd6 39. Kc4 Bf8 40. a4 Rb6 41. Re3 1-0

[Event "Nalchik SKFO-ch"]
[Site "Nalchik"]
[Date "2013.03.19"]
[Round "6"]
[White "Popov, Khristofor"]
[Black "Rudakov, Aleksander"]
[Result "1-0"]
[WhiteElo "1886"]
[BlackElo "2153"]
[PlyCount "77"]
[EventDate "2013.03.13"]
[EventType "swiss"]
[EventRounds "9"]
[EventCountry "RUS"]
[SourceTitle "CBM 153 Extra"]
[Source "ChessBase"]
[SourceDate "2013.04.22"]
[SourceVersion "1"]
[SourceVersionDate "2013.04.22"]
[SourceQuality "1"]

1. d4 g6 2. e4 Bg7 3. Nc3 c6 4. Nge2 d5 5. g3 dxe4 6. Nxe4 Bf5 7. Bg2 Nd7 8. 0-0 Ngf6 9. Nxf6+ Nxf6 10. c3 0-0 11. Nf4 Qb6 12. Re1 e6 13. h3 g5 14. Nd3 h6 15. Ne5 Rad8 16. Qa4 Nd7 17. Nc4 Qc7 18. Ne3 Bg6 19. Qc4 Nb6 20. Qe2 Rfe8 21. Nc4 Nd7 22. h4 b5 23. Ne5 Bxe5 24. dxe5 Nc5 25. hxg5 Nd3 26. Rd1 c5 27. gxh6 Qxe5 28. Qxe5 Nxe5 29. Bg5 Rxd1+ 30. Rxd1 Nd3 31. b3 e5 32. Bc6 Rb8 33. f3 Kh7 34. a4 bxa4 35. Bxa4 Rb6 36. Be3 Rb8 37. g4 Rd8 38. f4 Re8 39. f5 1-0